Vista normal Vista MARC

Entrada Personal Name

Número de registros utilizados en: 3

001 - CONTROL NUMBER

  • control field: 8680

003 - CONTROL NUMBER IDENTIFIER

  • control field: OSt

005 - DATE AND TIME OF LATEST TRANSACTION

  • control field: 20200812164429.0

008 - FIXED-LENGTH DATA ELEMENTS

  • fixed length control field: 200812|| aca||aabn | a|a d

040 ## - CATALOGING SOURCE

  • Original cataloging agency: OSt
  • Transcribing agency: OSt

100 ## - HEADING--PERSONAL NAME

  • Personal name: Pérez Huertas, Freddy Rolando

670 ## - SOURCE DATA FOUND

  • Source citation: Work cat.: (OSt)6339: Pérez Huertas, Freddy Rolando, autor, Cartilla laboral y pensional con 284 casos / , [2012]